Geography Overlap Chain Quiz #3 - Statistics

General Stats
  • This quiz has been taken 120 times
  • The average score is 13 of 18
Answer Stats
Hint # Answer % Correct
Central American country 3 Panama
89%
50th U. S. state 2 Hawaii
85%
Asian island country 2 Japan
85%
Bolivian capital 2 La Paz
84%
Doubly landlocked European country 2 Liechtenstein
83%
Country on the Caspian Sea 2 Azerbaijan
81%
Capital of Nigeria - Abuja
80%
Beach city near Los Angeles with movie stars and rich people 2 Malibu
80%
Capital in the Pyrenees 3 Andorra La Vella
78%
Bujumbura is its capital 2 Burundi
73%
Capital of East Timor 2 Dili
73%
State to the north of Texas 2 Oklahoma
72%
City on islands in a lagoon in the Adriatic 3 Venice
67%
Country on the Mid-Atlantic Ridge 3 Iceland
66%
City on the Missouri River 3 Omaha
64%
Capital of Madagascar 2 Antananarivo
63%
Dutch city known for its University of Technology 3 Eindhoven
53%
Largest lake in Antarctica. Also a Russian research station 2 Vostok
37%
No matching quizzes found
Score Distribution
Percent of People with Each Score
Percentile by Number Answered
Your Score History
You have not taken this quiz